| 000 | 01121nam a2200289 i 4500 | ||
|---|---|---|---|
| 001 | 188716 | ||
| 003 | ES-MaACL | ||
| 005 | 20231223113240.0 | ||
| 008 | 190207s1999 sp ac |||| | spa d | ||
| 020 | _a84-88703-11-2 | ||
| 080 | _a378.4(460.13 S.)(091) | ||
| 100 | 1 |
_aMadariaga de la Campa, Benito. _975296 |
|
| 245 | 1 | 3 |
_aLa Universidad Internacional de Verano de Santander (1932-1936) / _cBenito Madariaga de la Campa, Celia Valbuena Morán. |
| 260 |
_aSantander : _bUniversidad Internacional Menéndez Pelayo, _c1999. |
||
| 300 |
_a269 p. : _bil. ; _c23 cm. |
||
| 490 | 1 | _aHistoria | |
| 500 | _aApéndice documental. | ||
| 500 | _aÍndice onomástico. | ||
| 610 | 2 | 4 |
_aUniversidad Internacional Menéndez Pelayo- _vHistoria. _9151528 |
| 700 | 1 |
_aValbuena, Celia. _9166168 |
|
| 710 | 2 |
_aUniversidad Internacional Menéndez Pelayo. _97384 |
|
| 830 | 1 |
_aHistoria _9177536 |
|
| 852 | 4 |
_aES-MaACL _jA-14325 _9195850 _bR.151562 _cDEPO1 _dOlim: N-7325 _hDonación: Miguel Ángel Roncero Peralta |
|
| 903 |
_9234659 _aRoncero Peralta, Miguel Ángel _ednr |
||
| 942 |
_2udc _cMONOGRAFIA |
||
| 999 |
_c188716 _d188716 |
||